Out-of-town development at a low (Record no. 68124)

MARC details
000 -LEADER
fixed length control field 00832cam a2200217 4500
001 - CONTROL NUMBER
control field WB3732-19
008 - FIXED-LENGTH DATA ELEMENTS--GENERAL INFORMATION
fixed length control field 010830n2001 000 0 eng u
035 ## - SYSTEM CONTROL NUMBER
System control number (Sirsi) u114391
245 ## - TITLE STATEMENT
Title Out-of-town development at a low
260 ## - PUBLICATION, DISTRIBUTION, ETC.
Place of publication, distribution, etc. c2001
490 ## - SERIES STATEMENT
Series statement Retail Week
Volume/sequential designation 24 August 2001, 21(1)
520 ## - SUMMARY, ETC.
Summary, etc. Latest development pipeline figures from CB Hillier Parker show that, as a result of strict planning restrictions, out-of-town shopping centre development has been virtually eliminated. The survey also reveals that there is a preponderance of large development schemes.
590 ## - LOCAL NOTE (RLIN)
Local note WB
650 ## - SUBJECT ADDED ENTRY--TOPICAL TERM
Topical term or geographic name entry element CB HILLIER PARKER
650 ## - SUBJECT ADDED ENTRY--TOPICAL TERM
Topical term or geographic name entry element RESEARCH
650 ## - SUBJECT ADDED ENTRY--TOPICAL TERM
Topical term or geographic name entry element OUT OF TOWN SHOPPING CENTRES
650 ## - SUBJECT ADDED ENTRY--TOPICAL TERM
Topical term or geographic name entry element PLANNING RESTRICTIONS
650 ## - SUBJECT ADDED ENTRY--TOPICAL TERM
Topical term or geographic name entry element DEVELOPMENT SCHEMES
690 ## - LOCAL SUBJECT ADDED ENTRY--TOPICAL TERM (OCLC, RLIN)
Topical term or geographic name as entry element PROPERTY-PROPERTY DEVELOPMENT
942 ## - ADDED ENTRY ELEMENTS (KOHA)
Suppress in OPAC 0
Holdings
Withdrawn status Lost status Source of classification or shelving scheme Damaged status Not for loan Home library Current library Shelving location Date acquired Total Checkouts Full call number Barcode Date last seen Copy number Price effective from Koha item type
    Dewey Decimal Classification     London London News article 30/08/2001   WB3732-19 114391-1001 06/08/2019 1 06/08/2019 News article